| 000 | 00605nam a22002177a 4500 | ||
|---|---|---|---|
| 999 |
_c3589 _d3589 |
||
| 003 | AR-CdUCM | ||
| 008 | 190306b ||||| |||| 00| 0 spa d | ||
| 020 | _a3-922028-05-5 | ||
| 040 |
_aMUNICIPALIDAD PROVINCIAL DEL CUSCO _cBIBLIOTECA MUNICIPAL DEL CUSCO |
||
| 041 | _hale | ||
| 082 |
_a831 / _bV561 |
||
| 100 |
_aAllert, Kristiane-Wybranietz _911751 |
||
| 245 | _aLiebe Grübe / | ||
| 260 |
_aAlemania : _bLucy Korner Verlag, _c1982. |
||
| 300 |
_a59 paginas ; _c18 cm. |
||
| 505 | _aPoesía Alemana | ||
| 650 |
_aPoesia _95517 |
||
| 650 |
_aAlemania _91327 |
||
| 942 |
_2ddc _cLIBROS |
||
| 945 | _awnts | ||